00915nam a2200205Ia 4500952014000000952014000140952014000280999001300420003000400433005001700437008004100454040000900495082002500504100003500529245004800564260002100612300000900633650001100642942005600653 00102ddc40708QUR'ANaMESbMEScARBd2019-02-20l0o297.122594812 ALS/Sp11278r2019-02-20 00:00:00tVol - 2w2019-02-20yREFzU14R4 00102ddc40708QUR'ANaMESbMEScARBd2019-02-20l0o297.122594812 ALS/Sp11279r2019-02-20 00:00:00tVol - 1w2019-02-20yREFzU14R4 00102ddc40708QUR'ANaMESbMEScARBd2019-02-20l0o297.122594812 ALS/Sp11280r2019-02-20 00:00:00tVol - 3w2019-02-20yREFzU14R5 c304d304OSt20210914104520.0190216s9999||||xx |||||||||||||| ||und|| coclc a297.122594812bALS/S aAl Sabuni, Muhammed Ali 98839 0aSafawat Al Tafsir /cMuhammed Ali Al Sabuni bIslamic Studies, a608p aArabic cBK2ddch297.122594812iALS/Sk297.122594812mALS/S